Countries by Containing Word #2 - Statistics

General Stats
  • This quiz has been taken 140 times
  • The average score is 21 of 34
Answer Stats
Answer % Correct
North Korea
100%
South Korea
100%
South Sudan
100%
Papua New Guinea
98%
Sudan
98%
Guinea
96%
Barbados
94%
Denmark
94%
Canada
88%
Guinea-Bissau
85%
Equatorial Guinea
84%
Democratic Republic of the Congo
82%
Pakistan
74%
Republic of the Congo
74%
Dominican Republic
73%
Czech Republic
69%
Uzbekistan
69%
Tajikistan
67%
Central African Republic
63%
Iran
58%
Tonga
57%
Burundi
49%
Antigua and Barbuda
44%
Madagascar
36%
Sweden
33%
Afghanistan
30%
Ghana
24%
Nicaragua
23%
Brunei
21%
Estonia
21%
France
20%
Liechtenstein
18%
Vatican City
15%
Montenegro
13%
No matching quizzes found
Score Distribution
Percent of People with Each Score
Percentile by Number Answered
Your Score History
You have not taken this quiz